Statistics for Oceanian Countries with Population Under 5 Million People

Click here to take the quiz!

General Stats

  • This quiz has been taken 85 times
  • The average score is 11 of 12

Answer Stats

PopulationCountry% Correct
867,000Fiji
100%
4,579,000New Zealand
99%
17,000Palau
98%
587,000Solomon Islands
96%
55,000Marshall Islands
96%
10,000Nauru
96%
193,000Samoa
95%
11,000Tuvalu
95%
278,000Vanuatu
91%
113,000Kiribati
91%
103,000Federated States of Micronesia
91%
104,000Tonga
89%

Score Distribution

Percentile by Number Answered

Percent of People with Each Score

Your Score History

You have not taken this quiz